<?xml version="1.0" encoding="UTF-8"?>
<record
    xmlns:xsi="http://www.w3.org/2001/XMLSchema-instance"
    xsi:schemaLocation="http://www.loc.gov/MARC21/slim http://www.loc.gov/standards/marcxml/schema/MARC21slim.xsd"
    xmlns="http://www.loc.gov/MARC21/slim">

  <leader>00576nam a2200193Ia 4500</leader>
  <controlfield tag="008">230125s9999    xx            000 0 und d</controlfield>
  <datafield tag="020" ind1=" " ind2=" ">
    <subfield code="a">978-81-259-5620-9</subfield>
  </datafield>
  <datafield tag="041" ind1=" " ind2=" ">
    <subfield code="a">eng</subfield>
  </datafield>
  <datafield tag="082" ind1=" " ind2=" ">
    <subfield code="a">657.42</subfield>
    <subfield code="b">ARO</subfield>
  </datafield>
  <datafield tag="100" ind1=" " ind2=" ">
    <subfield code="a">Arora M N</subfield>
    <subfield code="9">106397</subfield>
  </datafield>
  <datafield tag="245" ind1=" " ind2=" ">
    <subfield code="a">A Textbook of Cost and Management Accounting</subfield>
  </datafield>
  <datafield tag="250" ind1=" " ind2=" ">
    <subfield code="a">10th ed</subfield>
  </datafield>
  <datafield tag="260" ind1=" " ind2=" ">
    <subfield code="c">2012</subfield>
    <subfield code="b">Vikas Publishing House Pvt. Ltd.</subfield>
    <subfield code="a">Pune</subfield>
  </datafield>
  <datafield tag="500" ind1=" " ind2=" ">
    <subfield code="a">Cost accounting;Management  &amp; Cost Accounting;Management accounting</subfield>
  </datafield>
  <datafield tag="650" ind1=" " ind2=" ">
    <subfield code="a">Accounting</subfield>
    <subfield code="9">106903</subfield>
  </datafield>
  <datafield tag="700" ind1=" " ind2=" ">
    <subfield code="a">Arora M N</subfield>
    <subfield code="9">106397</subfield>
  </datafield>
  <datafield tag="906" ind1=" " ind2=" ">
    <subfield code="b">138</subfield>
  </datafield>
  <datafield tag="999" ind1=" " ind2=" ">
    <subfield code="c">84287</subfield>
    <subfield code="d">84287</subfield>
  </datafield>
  <datafield tag="952" ind1=" " ind2=" ">
    <subfield code="0">0</subfield>
    <subfield code="1">0</subfield>
    <subfield code="4">0</subfield>
    <subfield code="7">0</subfield>
    <subfield code="a">HIMR</subfield>
    <subfield code="b">HIMR</subfield>
    <subfield code="d">2013-08-12</subfield>
    <subfield code="e">Pritam Book Centre</subfield>
    <subfield code="g">550.00</subfield>
    <subfield code="i">8593</subfield>
    <subfield code="l">0</subfield>
    <subfield code="o">657.42 ARO B12145</subfield>
    <subfield code="p">HIMR-BK-12145</subfield>
    <subfield code="r">2023-01-25 00:00:00</subfield>
    <subfield code="v">412.00</subfield>
    <subfield code="w">2013-08-07</subfield>
    <subfield code="y">BK</subfield>
    <subfield code="z">B12145</subfield>
  </datafield>
  <datafield tag="952" ind1=" " ind2=" ">
    <subfield code="0">0</subfield>
    <subfield code="1">0</subfield>
    <subfield code="4">0</subfield>
    <subfield code="7">0</subfield>
    <subfield code="a">HIMR</subfield>
    <subfield code="b">HIMR</subfield>
    <subfield code="d">2013-07-19</subfield>
    <subfield code="e">Pritam Book Centre</subfield>
    <subfield code="g">550.00</subfield>
    <subfield code="i">8535</subfield>
    <subfield code="l">0</subfield>
    <subfield code="o">657.42 ARO B12077</subfield>
    <subfield code="p">HIMR-BK-12077</subfield>
    <subfield code="r">2023-01-25 00:00:00</subfield>
    <subfield code="v">440.00</subfield>
    <subfield code="w">2013-07-08</subfield>
    <subfield code="y">BK</subfield>
    <subfield code="z">B12077</subfield>
  </datafield>
  <datafield tag="952" ind1=" " ind2=" ">
    <subfield code="0">0</subfield>
    <subfield code="1">0</subfield>
    <subfield code="4">0</subfield>
    <subfield code="7">0</subfield>
    <subfield code="a">HIMR</subfield>
    <subfield code="b">HIMR</subfield>
    <subfield code="d">2013-08-12</subfield>
    <subfield code="e">Pritam Book Centre</subfield>
    <subfield code="g">550.00</subfield>
    <subfield code="i">8593</subfield>
    <subfield code="l">0</subfield>
    <subfield code="o">657.42 ARO B12142</subfield>
    <subfield code="p">HIMR-BK-12142</subfield>
    <subfield code="r">2023-01-25 00:00:00</subfield>
    <subfield code="v">412.00</subfield>
    <subfield code="w">2013-08-07</subfield>
    <subfield code="y">BK</subfield>
    <subfield code="z">B12142</subfield>
  </datafield>
  <datafield tag="952" ind1=" " ind2=" ">
    <subfield code="0">0</subfield>
    <subfield code="1">0</subfield>
    <subfield code="4">0</subfield>
    <subfield code="7">0</subfield>
    <subfield code="a">HIMR</subfield>
    <subfield code="b">HIMR</subfield>
    <subfield code="d">2013-08-12</subfield>
    <subfield code="e">Pritam Book Centre</subfield>
    <subfield code="g">550.00</subfield>
    <subfield code="i">8593</subfield>
    <subfield code="l">0</subfield>
    <subfield code="o">657.42 ARO B12143</subfield>
    <subfield code="p">HIMR-BK-12143</subfield>
    <subfield code="r">2023-01-25 00:00:00</subfield>
    <subfield code="v">412.00</subfield>
    <subfield code="w">2013-08-07</subfield>
    <subfield code="y">BK</subfield>
    <subfield code="z">B12143</subfield>
  </datafield>
  <datafield tag="952" ind1=" " ind2=" ">
    <subfield code="0">0</subfield>
    <subfield code="1">0</subfield>
    <subfield code="4">0</subfield>
    <subfield code="7">0</subfield>
    <subfield code="a">HIMR</subfield>
    <subfield code="b">HIMR</subfield>
    <subfield code="d">2012-03-03</subfield>
    <subfield code="e">Forward Books</subfield>
    <subfield code="g">485.00</subfield>
    <subfield code="i">5076</subfield>
    <subfield code="l">0</subfield>
    <subfield code="o">657.42 ARO B10982</subfield>
    <subfield code="p">HIMR-BK-10982</subfield>
    <subfield code="r">2023-01-25 00:00:00</subfield>
    <subfield code="v">364.00</subfield>
    <subfield code="w">2011-12-14</subfield>
    <subfield code="y">BK</subfield>
    <subfield code="z">B10982</subfield>
  </datafield>
  <datafield tag="952" ind1=" " ind2=" ">
    <subfield code="0">0</subfield>
    <subfield code="1">0</subfield>
    <subfield code="4">0</subfield>
    <subfield code="7">0</subfield>
    <subfield code="a">HIMR</subfield>
    <subfield code="b">HIMR</subfield>
    <subfield code="d">2012-03-03</subfield>
    <subfield code="e">Forward Books</subfield>
    <subfield code="g">485.00</subfield>
    <subfield code="i">5076</subfield>
    <subfield code="l">0</subfield>
    <subfield code="o">657.42 ARO B10981</subfield>
    <subfield code="p">HIMR-BK-10981</subfield>
    <subfield code="r">2023-01-25 00:00:00</subfield>
    <subfield code="v">364.00</subfield>
    <subfield code="w">2011-12-14</subfield>
    <subfield code="y">BK</subfield>
    <subfield code="z">B10981</subfield>
  </datafield>
</record>
